Countries With the Most Viewed YouTube Videos - Statistics

General Stats
  • This quiz has been taken 127 times
    77 since last reset
  • The average score is 12 of 19
Answer Stats
# Country % Correct
45 United States
97%
16 United Kingdom
91%
10 Canada
88%
3 Australia
81%
1 Germany
81%
1 Spain
81%
1 France
79%
2 Russia
79%
1 India
78%
1 Italy
74%
3 South Korea
71%
2 Sweden
65%
1 Norway
44%
1 Netherlands
40%
7 Colombia
35%
2 Venezuela
28%
1 Panama
18%
1 Barbados
13%
1 Dominican Republic
10%
No matching quizzes found
Score Distribution
Percent of People with Each Score
Percentile by Number Answered
Your Score History
You have not taken this quiz since the last reset